zpět

Detail výsledku týmu

Spirit Bar - Žižkov, Praha

Datum a čas kvízu

34 Celkem bodů Celkový počet nahraných bodů na tomto kvízu bez doplňovacích otázek.
6. Pořadí na kvízu Konečné umístění týmu na tomto kvízu.

Zaznamenané odpovědi

# Otázka Odpověď Body Výsledky
1. V pondělí jsme se dozvěděli, ž... nedodržení bezpečné vzdálenosti 0
2. Minulý týden bylo oznámeno obn... Moskvič 1
3. V úterý se v pražském Kině Luc... Král Šumavy 1
4. V pondělí, po pěti dnech letu,... Orion 1
5. Ve dvou úvodních zápasech kter... Polsko 1
6. V následujících pěti otázkách... C) 5,68 půllitrů 1
7. Odvozená jednotka SI elektrick... farad 1
8. Jaký odpor v ohmech má spotřeb... 20 Ω 1
9. Přiřaďte tyto jednotky k přísl... 1C 2A 3B 4D 1
10. Uzel je jednotka rychlosti pou... B 1